000 00260nam a22001097a 4500
008 160510b xxu||||| |||| 00| 0 eng d
020 _a0471215171
041 _aeng
080 _a54
245 _aChemistry matter and its changes;
_cJames Brady;
942 _2udc
_cBK
999 _c1991
_d1991